000 00411nam a2200169Ia 4500
003 GCL
008 140319s9999 xx 000 0 eng d
040 _aGCL /
_cGCL
082 0 4 _a301
_bH S
100 1 _aHORTON, PAUIB
245 1 0 _aSOCIOLOGY /
_cHORTON, PAUIB
260 _a[S.N] :
_bMEGRAW-HILL, JNC. ،
_c1984
300 _a635 P P
650 0 4 _aSOCIOLOGY
650 0 4 _aSOCIAL PLANNING
942 _2ddc
_cBK
999 _c11282
_d11282